Statistiques concernant Les pays les plus peuplés au fil du temps

Cliquez ici pour prendre le quiz!

Statistiques générales

  • Ce quiz a été pris 146 fois
  • Le résultat moyen est 25 sur 30

Statistiques - réponses

Annéenombre d'habitants en millionsPays% Correct
1950554Chine
100%
20231426Chine
100%
2100767Chine
100%
1950357Inde
99%
20231429Inde
99%
21001530Inde
99%
2100394Etats-Unis
97%
2023340Etats-Unis
97%
1950148Etats-Unis
97%
1950103Russie
97%
2023144Russie
97%
195054Brésil
94%
2023216Brésil
94%
195084Japon
83%
2023128Mexique
81%
195071Allemagne
79%
195070Indonésie
79%
2100297Indonésie
79%
2023278Indonésie
79%
2100546Nigeria
76%
2023224Nigeria
76%
2023240Pakistan
76%
2100487Pakistan
76%
2100205Egypte
69%
2100432République démocratique du Congo
69%
195050Royaume-Uni
65%
2023173Bangladesh
61%
2100324Ethiopie
58%
195046Italie
50%
2100245Tanzanie
28%

Distribution des résultats

Percentile par nombre de réponses

% des personnes avec chaque résultat

Votre développement - résultats

Vous n’avez pas pris ce quiz